000 00442cam a2200169ua 4500
020 _c3.50
041 _amal
_h
082 _a802
_bKRI/YA
100 _aKrishna, Chaithanya .
245 _aYahudha sahityacharithram /
_cKrishna Chaithanya.
_hTextual Documents
260 _aKottayam :
_bSahitya Pravarthaka Co-operative Society ,
_c1963.
300 _a228 ; .
365 _a3.50
504 _a
942 _cBK
999 _c5004
_d5004